| 000 | 00857nam a22002897a 4500 | ||
|---|---|---|---|
| 001 | 6953 | ||
| 003 | FISKH | ||
| 005 | 20260304094450.0 | ||
| 008 | 250611b cb ||||| |||| 00| 0 eng d | ||
| 020 | _a0590030310 | ||
| 040 |
_aFISKH _beng _cFISKH _dFISKH |
||
| 050 | _aPZ7.K2253 S | ||
| 082 | _a823 | ||
| 100 |
_aKeats, Jack Ezra _d(1916–1983) |
||
| 245 |
_aThe snowy day / _cEzra Jack Keats |
||
| 250 | _aThis edition first published in 1962 | ||
| 260 |
_aNew York : _bScholastic, _c1962 |
||
| 300 |
_a28 unnumbered pages : _bcolor illustrations ; _c20 x 23 cm |
||
| 505 | _aJ | ||
| 520 | _aThe adventures of a little boy in the city on a very snowy day. | ||
| 521 | 8 |
_a500
_bLexile |
|
| 521 | 8 |
_aJ
_bRaz-Plus |
|
| 650 |
_2Picture book _aRealistic fiction |
||
| 650 |
_2Seasons _aMulticultural |
||
| 942 |
_2ddc _cBK _n0 |
||
| 999 |
_c6953 _d6953 |
||